header

Correspondences of the Bible : (Record no. 83446)

MARC details
000 -LEADER
fixed length control field 01567nam a2200373 i 4500
001 - CONTROL NUMBER
control field ebr10827180
003 - CONTROL NUMBER IDENTIFIER
control field CaPaEBR
006 - FIXED-LENGTH DATA ELEMENTS--ADDITIONAL MATERIAL CHARACTERISTICS--GENERAL INFORMATION
fixed length control field m o d
007 - PHYSICAL DESCRIPTION FIXED FIELD--GENERAL INFORMATION
fixed length control field cr cn|||||||||
008 - FIXED-LENGTH DATA ELEMENTS--GENERAL INFORMATION
fixed length control field 140122t18752009pau o 001 0 eng d
020 ## - INTERNATIONAL STANDARD BOOK NUMBER
Cancelled/invalid ISBN 9780877851127
International Standard Book Number 9780877856566 (e-book)
040 ## - CATALOGING SOURCE
Original cataloging agency CaPaEBR
Language of cataloging eng
Description conventions rda
-- pn
Transcribing agency CaPaEBR
035 ## - SYSTEM CONTROL NUMBER
System control number (OCoLC)874147259
050 14 - LIBRARY OF CONGRESS CALL NUMBER
Classification number BS663
Item number .W85 1875eb
082 04 - DEWEY DECIMAL CLASSIFICATION NUMBER
Classification number 220.859
Edition number 23
100 1# - MAIN ENTRY--PERSONAL NAME
Personal name Worcester, John,
Dates associated with a name 1834-1900.
245 10 - TITLE STATEMENT
Title Correspondences of the Bible :
Remainder of title the animals /
Statement of responsibility, etc John Worcester.
264 #1 - PRODUCTION, PUBLICATION, DISTRIBUTION, MANUFACTURE, AND COPYRIGHT NOTICE
Place of production, publication, distribution, manufacture West Chester, Pennsylvania :
Name of producer, publisher, distributor, manufacturer Swedenborg Foundation Publishers,
Date of production, publication, distribution, manufacture, or copyright notice 1875.
Date of production, publication, distribution, manufacture, or copyright notice �2009
300 ## - PHYSICAL DESCRIPTION
Extent 1 online resource (223 pages)
336 ## - CONTENT TYPE
Content type term text
Source rdacontent
337 ## - MEDIA TYPE
Media type term computer
Source rdamedia
338 ## - CARRIER TYPE
Carrier type term online resource
Source rdacarrier
500 ## - GENERAL NOTE
General note Includes index.
588 ## - SOURCE OF DESCRIPTION NOTE
Source of description note Description based on print version record.
590 ## - LOCAL NOTE (RLIN)
Local note Electronic reproduction. Palo Alto, Calif. : ebrary, 2014. Available via World Wide Web. Access may be limited to ebrary affiliated libraries.
650 #0 - SUBJECT ADDED ENTRY--TOPICAL TERM
Topical term or geographic name as entry element Correspondences, Doctrine of.
Topical term or geographic name as entry element Nature in the Bible.
655 #0 - INDEX TERM--GENRE/FORM
Genre/form data or focus term Electronic books.
776 08 - ADDITIONAL PHYSICAL FORM ENTRY
Display text Print version:
Main entry heading Worcester, John, 1834-1900.
Title Correspondences of the Bible : the animals.
Place, publisher, and date of publication West Chester, Pennsylvania : Swedenborg Foundation Publishers, 1875, c2009
Physical description x, 212 pages
International Standard Book Number 9780877851127
Record control number 38033883
797 2# - LOCAL ADDED ENTRY--CORPORATE NAME (RLIN)
Corporate name or jurisdiction name as entry element ebrary.
856 40 - ELECTRONIC LOCATION AND ACCESS
Uniform Resource Identifier <a href="http://site.ebrary.com/lib/rucke/Doc?id=10827180">http://site.ebrary.com/lib/rucke/Doc?id=10827180</a>
Public note An electronic book accessible through the World Wide Web; click to view

No items available.

© 2026 Rongo University
Contact us: librarian | system librarian | Rongo university